[Event "Crema op 05th"]
[Site "Crema"]
[Date "2003.09.05"]
[Round "2"]
[White "Mazzariol, Oscar"]
[Black "Distratis, Gianluca"]
[Result "1-0"]
[WhiteElo "2049"]
[BlackElo "1678"]
[PlyCount "73"]
[EventDate "2003.09.05"]
[EventType "swiss"]
[EventRounds "6"]
[EventCountry "ITA"]
[SourceTitle "EXT 2007"]
[Source "ChessBase"]
[SourceDate "2006.11.23"]
[SourceVersion "1"]
[SourceVersionDate "2006.11.23"]
[SourceQuality "1"]

1. d4 Nf6 2. c4 c5 3. d5 b5 4. cxb5 a6 5. bxa6 g6 6. Nc3 Bxa6 7. e4 Bxf1 8. Kxf1 d6 9. Rb1 Bg7 10. Nge2 0-0 11. f3 Nbd7 12. Be3 Qa5 13. Qd2 Rfb8 14. b3 Ne8 15. g4 Nc7 16. Kg2 Rb4 17. Bg5 Kf8 18. Bh6 Rab8 19. Bxg7+ Kxg7 20. h4 Nb5 21. h5 Nf8 22. Nxb5 Qxb5 23. Rbc1 Qa6 24. Rc2 Kg8 25. Nf4 g5 26. Nd3 h6 27. Nxb4 Rxb4 28. Rhc1 Rd4 29. Qe2 Qa5 30. Rd1 Rxd1 31. Qxd1 Nd7 32. Qd2 Qb5 33. Qc3 Ne5 34. a4 Qa6 35. Rd2 c4 36. bxc4 Nxc4 37. Rc2 1-0